| 000 | 01420nam a2200337Ia 4500 | ||
|---|---|---|---|
| 001 | ebr10632313 | ||
| 003 | CaPaEBR | ||
| 006 | m u | ||
| 007 | cr cn||||||||| | ||
| 008 | 120918s2013 couab sf 001 0 eng d | ||
| 010 | _z 2012031064 | ||
| 020 | _z1583218572 | ||
| 020 | _z9781583218570 | ||
| 020 | _z9781613002049 | ||
| 040 |
_aCaPaEBR _cCaPaEBR |
||
| 035 | _a(OCoLC)821216891 | ||
| 050 | 1 | 4 |
_aTD365 _b.H47 2013eb |
| 100 | 1 | _aHerndon, Christine. | |
| 245 | 1 | 0 |
_aEnvironmental compliance guidebook _h[electronic resource] : _bbeyond US water quality regulations / _cChristine Herndon and Shelley Hemming. |
| 260 |
_aDenver, CO : _bAmerican Water Works Association, _cc2013. |
||
| 300 |
_axii, 316 p. : _bill., map. |
||
| 500 | _aIncludes index. | ||
| 533 |
_aElectronic reproduction. _bPalo Alto, Calif. : _cebrary, _d2013. _nAvailable via World Wide Web. _nAccess may be limited to ebrary affiliated libraries. |
||
| 650 | 0 |
_aWater quality management _zUnited States _vHandbooks, manuals, etc. |
|
| 650 | 0 |
_aHazardous wastes _zUnited States _xManagement _vHandbooks, manuals, etc. |
|
| 650 | 0 |
_aEnvironmental protection _zUnited States _vHandbooks, manuals, etc. |
|
| 655 | 7 |
_aElectronic books. _2local |
|
| 700 | 1 | _aHemming, Shelley. | |
| 710 | 2 | _aebrary, Inc. | |
| 856 | 4 | 0 |
_uhttp://site.ebrary.com/lib/rucke/Doc?id=10632313 _zAn electronic book accessible through the World Wide Web; click to view |
| 999 |
_c52358 _d52358 |
||